| 000 | 00889nas a2200289 4500 | ||
|---|---|---|---|
| 001 | BR2014006199 | ||
| 003 | BR-BrBNA | ||
| 005 | 20231205124555.0 | ||
| 007 | ta | ||
| 008 | 230509b bl.|||p| |||| 00| 00por d | ||
| 040 |
_aBR-BrBNA _bpor _cBiblioteca Nacional de Agricultura |
||
| 041 | _a(Pt) | ||
| 072 | _aF60; P07 | ||
| 100 | 1 | _aProtásio, T. de P. | |
| 100 | 1 | _aNeves, T.A. | |
| 100 | 1 | _aReis, A.A. dos | |
| 100 | 1 | _aTrugilho, P.F. | |
| 245 | 1 | _aEfeito da idade e clone na qualidade da madeira de Eucalyptus spp visando à produção de bioenergia | |
| 650 | _aEUCALIPTO | ||
| 650 | _aBIOMASSA | ||
| 650 | _aBIOENERGIA | ||
| 650 | _aCOMPOSIÇÃO QUÍMICA | ||
| 650 | _aCARVÃO VEGETAL | ||
| 773 | 0 |
_tCiência Florestal (Brazil) _xISSN 0103-9954 _g(Apr-Jun 2014), v. 24(2) p. 465-477 _wBR2014006199 |
|
| 909 |
_a202311 _bLúcia _c55 _dLúcia Elande |
||
| 942 |
_2AGRIS _n0 _cANA |
||
| 999 |
_c239789 _d239789 |
||